Statistics for Country Shapes Quiz #1 Easy

Click here to take the quiz!

General Stats

  • This quiz has been taken 13 times
  • The average score is 16 of 16

Answer Stats

Answer% Correct
Argentina
100%
Australia
100%
Brazil
100%
Canada
100%
China
100%
Egypt
100%
India
100%
Indonesia
100%
Italy
100%
Mexico
100%
Russia
100%
UK
100%
France
91%
Greece
91%
Turkey
91%
Germany
82%

Score Distribution

Percentile by Number Answered

Percent of People with Each Score

Your Score History

You have not taken this quiz